00351nam a22000977a 4500008004100000082001800041245012300059260003700182300001000219710002400229230612b xxu||||| |||| 00| 0 eng d a354.6200bGOK aReport of the Public Accounts Committee on the Government of Kenya Accounts for the Year2001/2002cGovernment of Kenya aKenyabGovernment of Kenyac2002 a598 p bGovernment of Kenya